000 01366nam a2200241 a 4500
999 _c345210
_d345210
003 BLK
005 20240531102023.0
008 190916b bu ||||| |||| 00| 0 bu d
020 _a9789542618874
040 _aBLK
041 _aBUL
_cBUL
080 _aАмериканска литература (на САЩ)
_b821.111(73)
_x-91-342
_z821.111(73)-91-342
100 _9421
_aМафи, Мариам
_eадапт.
245 _aКнигата на Руми : 105 истории за вдъхновение, наслада и поука
_c[прев. от перс.], адапт. Мариам Мафи ; предг. Наргюес Фарзад ; прев. от англ. Снежана Милева
260 _9209439
_aСофия
_bХермес
_c2019
_fКостинброд : Мултипринт ООД
300 _a271 с.
_c18 см
380 _aX
500 _aДжалал ал-Дин Руми, 1207-1273 Прев. по: The book of Rumi / Maryam Mafi Биогр. данни за авт. на адапт. отбелязани на 3-та кор.
700 1 _aМилева, Снежана Цветанова
_d1974 -
_gПреводач от/на английски и немски език
_995687
700 _91236
_aФарзад, Наргюес
_eпредг. от
942 _cKNG
_n0
_s1
944 _aCR
_c2019-09-16
_k30560
_lГеновева Генчева